|
|
|
|
| LEADER |
00867nab a2200229 i 4500 |
| 001 |
misc64690 |
| 005 |
20230503133116.0 |
| 008 |
230215s1963 hu o 0|| rus d |
| 040 |
|
|
|a SZTE Miscellanea Repozitórium
|b hun
|
| 041 |
|
|
|a rus
|
| 100 |
1 |
|
|a Ŝerbak Aleksandr Mihajlovič
|
| 245 |
1 |
0 |
|a O morfologičeskoj strukture slova v tûrkskih âzykah
|h [elektronikus dokumentum] /
|c Ŝerbak Aleksandr Mihajlovič
|
| 260 |
|
|
|a Izdat. Akademii Nauk SSSR
|b Moskva ; Leningrad
|c 1963
|
| 300 |
|
|
|a 267-270
|c 22 cm
|
| 300 |
|
|
|a [4] p.
|c 22 cm
|
| 490 |
0 |
|
|a Morfologičeskaâ struktura slova v âzykah različnyh tipov
|
| 561 |
|
|
|a Németh Gyula hagyaték
|
| 591 |
|
|
|a NOA 5484
|
| 650 |
|
4 |
|a Bölcsészettudományok
|
| 650 |
|
4 |
|a Nyelvek és irodalom
|
| 695 |
|
|
|a Török nyelv - alaktan
|
| 856 |
4 |
0 |
|u http://misc.bibl.u-szeged.hu/64690/1/5484_noa.pdf
|z Dokumentum-elérés
|